Science Quiz

Random Science or Animal Quiz

Aquatic Apex Predators Quiz Stats

 Plays Quiz Updated Jun 26, 2019

Score 0/20 Timer 04:00
6 Plays Today
% Correct
Killer whale (Orca)
95%
Leopard seal
94.2%
Great hammerhead
93.8%
Sperm whale
93.1%
Alligator snapping turtle
92.1%
Amazon river dolphin
90.8%
Lionfish
90.7%
Tiger shark
90.1%
Atlantic blue marlin
89.6%
Electric eel
84.7%
% Correct
Redtail catfish
84.3%
Leatherback sea turtle
82.6%
Great white shark
82.4%
Arapaima
69.4%
American alligator
68.7%
Alligator gar
64%
Goliath tigerfish
58.2%
Kaluga
57.5%
Saltwater crocodile
54.9%
Gharial
53.5%

You're not logged in!

Compare scores with friends on all Sporcle quizzes.
OR
Log In

Sporcle TV

Today on Sporcle TV


Watch our educational content, quiz creation guides, and fun videos on Sporcle TV.

Show Comments

Extras

Top Quizzes Today


Score Distribution

Your Account Isn't Verified!

In order to create a playlist on Sporcle, you need to verify the email address you used during registration. Go to your Sporcle Settings to finish the process.

Report this User

Report this user for behavior that violates our Community Guidelines.

Details: